[Event "LAT-chT"]
[Site "Riga"]
[Date "2019.10.12"]
[Round "7.2"]
[White "Golubovskis, Maksims"]
[Black "Zuckovs, Aleksejs"]
[Result "0-1"]
[WhiteElo "2078"]
[BlackElo "2294"]
[PlyCount "90"]
[EventDate "2019.02.16"]
[EventType "team-tourn"]
[EventRounds "9"]
[EventCountry "LAT"]
[SourceTitle "EXT 2020"]
[Source "ChessBase"]
[SourceDate "2019.10.17"]
[SourceVersion "1"]
[SourceVersionDate "2019.10.17"]
[SourceQuality "1"]
[WhiteTeam "Maxon&Co"]
[BlackTeam "Ventspils"]
[WhiteTeamCountry "LAT"]
[BlackTeamCountry "LAT"]

1. e4 d5 2. exd5 Qxd5 3. Nc3 Qa5 4. d4 Nf6 5. Nf3 Bg4 6. h3 Bh5 7. g4 Bg6 8. Ne5 Nbd7 9. Nc4 Qa6 10. Bf4 Qe6+ 11. Ne3 Qb6 12. Nb5 Rc8 13. c4 a6 14. c5 Qc6 15. Na7 Qxh1 16. Nxc8 Nd5 17. Nxd5 Qxd5 18. Be2 e5 19. dxe5 Qh1+ 20. Bf1 Qe4+ 21. Be3 Bxc5 22. Qe2 Bb4+ 23. Kd1 Qd5+ 24. Kc1 0-0 25. f4 Rxc8 26. f5 Qxe5 27. fxg6 hxg6 28. Bf2 Qd5 29. Qd3 Qc6+ 30. Qc4 Qf6 31. Qe2 Bc5 32. Bg3 Bd6 33. Be1 Qg5+ 34. Kc2 Nf6 35. Rd1 Re8 36. Qf3 Qf4 37. Qxf4 Bxf4 38. Bc3 Be5 39. Bb4 c6 40. Bc4 b5 41. Bb3 c5 42. Bxc5 Rc8 43. Bxf7+ Kxf7 44. b4 Ke6 45. Kb1 Ne4 0-1

[Event "LAT-chT"]
[Site "Riga"]
[Date "2018.12.15"]
[Round "9.5"]
[White "Zuckovs, Aleksejs"]
[Black "Dzjuba, Vsevolod"]
[Result "1-0"]
[WhiteElo "2274"]
[BlackElo "2262"]
[PlyCount "59"]
[EventDate "2018.06.09"]
[EventType "team-tourn"]
[EventRounds "11"]
[EventCountry "LAT"]
[SourceTitle "CBM 189 Extra"]
[Source "ChessBase"]
[SourceDate "2019.06.03"]
[SourceVersion "1"]
[SourceVersionDate "2019.06.03"]
[SourceQuality "1"]
[WhiteTeam "Ventspils"]
[BlackTeam "Termo Eko/RSF"]
[WhiteTeamCountry "LAT"]
[BlackTeamCountry "LAT"]

1. g3 Nf6 2. Bg2 g6 3. e4 d6 4. d4 c5 5. dxc5 Qa5+ 6. Nc3 Qxc5 7. Be3 Qa5 8. h3 Nc6 9. Nge2 Bg7 10. 0-0 0-0 11. f4 Qh5 12. g4 Bxg4 13. hxg4 Nxg4 14. Rf3 e5 15. Nd5 exf4 16. Bxf4 Nge5 17. Rh3 Qg4 18. Bh6 f5 19. Bxg7 Kxg7 20. Nef4 Rae8 21. Qxg4 fxg4 22. Rc3 g5 23. Nh5+ Kg6 24. Ng3 Nf3+ 25. Bxf3 gxf3 26. Kf2 g4 27. Rh1 Re5 28. Ne3 h5 29. Rd3 Rh8 30. Nxg4 1-0

[Event "Riga President Blitz Cup"]
[Site "Riga"]
[Date "2018.01.27"]
[Round "11"]
[White "Berzinsh, Roland"]
[Black "Zuckovs, Aleksejs"]
[Result "0-1"]
[WhiteElo "2421"]
[BlackElo "2252"]
[PlyCount "98"]
[EventDate "2018.01.27"]
[EventType "swiss (blitz)"]
[EventRounds "11"]
[EventCountry "LAT"]
[SourceTitle "CBM 182 Extra"]
[Source "ChessBase"]
[SourceDate "2018.02.23"]
[SourceVersion "1"]
[SourceVersionDate "2018.02.23"]
[SourceQuality "1"]

1. d4 d5 2. Bf4 Nc6 3. e3 Bf5 4. Nf3 e6 5. a3 Bd6 6. Bg3 Nge7 7. c4 0-0 8. Nc3 Bg6 9. Bh4 dxc4 10. Bxc4 Qe8 11. e4 e5 12. dxe5 Nxe5 13. Nxe5 Bxe5 14. 0-0 Bxc3 15. bxc3 Nc6 16. Bd5 Kh8 17. Re1 f6 18. Rb1 Rb8 19. Qa4 Qd7 20. Bg3 Be8 21. Rbd1 Qe7 22. Qb3 Ne5 23. f4 Ng4 24. Qb4 c5 25. Qc4 b5 26. Qe2 Nh6 27. f5 Rb6 28. h3 Nf7 29. Qe3 Ne5 30. Bxe5 fxe5 31. Rb1 a5 32. Rb2 Rh6 33. Rd2 c4 34. a4 bxa4 35. Bxc4 a3 36. Bd5 Rhf6 37. Rb1 Bc6 38. c4 g6 39. fxg6 Rxg6 40. Ra2 Bd7 41. Qxa3 Qg7 42. Rf1 Rb8 43. Raf2 h5 44. Rf8+ Rxf8 45. Qxf8+ Qxf8 46. Rxf8+ Kh7 47. Ra8 a4 48. Ra7 Rg7 49. c5 Bb5 0-1

[Event "Riga President Blitz Cup"]
[Site "Riga"]
[Date "2018.01.27"]
[Round "10"]
[White "Zuckovs, Aleksejs"]
[Black "Meskovs, Nikita"]
[Result "1-0"]
[WhiteElo "2252"]
[BlackElo "2546"]
[PlyCount "112"]
[EventDate "2018.01.27"]
[EventType "swiss (blitz)"]
[EventRounds "11"]
[EventCountry "LAT"]
[SourceTitle "CBM 182 Extra"]
[Source "ChessBase"]
[SourceDate "2018.02.23"]
[SourceVersion "1"]
[SourceVersionDate "2018.02.23"]
[SourceQuality "1"]

1. g3 d5 2. f4 g6 3. Bg2 Bg7 4. Nf3 c6 5. 0-0 Nh6 6. d3 Qb6+ 7. d4 Nf5 8. e3 h5 9. Ne5 Nd7 10. c4 Nxe5 11. c5 Qc7 12. fxe5 h4 13. g4 h3 14. Bf3 Nh4 15. Be2 f6 16. exf6 exf6 17. e4 dxe4 18. Bf4 Qe7 19. Bd6 Qe6 20. Nc3 Kf7 21. d5 cxd5 22. Nxd5 Nf3+ 23. Bxf3 exf3 24. Nc7 Qxg4+ 25. Bg3 Rb8 26. Qd5+ Be6 27. Nxe6 Qxe6 28. Qxe6+ Kxe6 29. Bxb8 Rxb8 30. Rxf3 f5 31. Re1+ Kf7 32. b4 Bd4+ 33. Kf1 Rh8 34. Rd3 Rh4 35. Red1 Rf4+ 36. Ke2 Re4+ 37. Kd2 Be5 38. Kc2 Rxb4 39. Rxh3 Kf6 40. Rb1 Rc4+ 41. Kd1 Rxc5 42. Rxb7 Ra5 43. a3 f4 44. Rhb3 g5 45. h3 Kf5 46. Ke2 Ra6 47. Rf7+ Ke6 48. Rfb7 Bd4 49. Kf3 Rd6 50. Kg4 Kf6 51. R7b5 Be5 52. Ra5 a6 53. Rb7 Bc3 54. Rf5+ Ke6 55. Rxg5 Bf6 56. Rg6 f3 1-0

[Event "Liepajas Rokade op"]
[Site "Liepaja"]
[Date "2017.08.04"]
[Round "10"]
[White "Chigaev, Maksim"]
[Black "Zuckovs, Aleksejs"]
[Result "1-0"]
[WhiteElo "2579"]
[BlackElo "2252"]
[PlyCount "92"]
[EventDate "2017.08.03"]
[EventType "swiss"]
[EventRounds "13"]
[EventCountry "LAT"]
[SourceTitle "CBM 179 Extra"]
[Source "ChessBase"]
[SourceDate "2017.08.23"]
[SourceVersion "1"]
[SourceVersionDate "2017.08.23"]
[SourceQuality "1"]

1. Nf3 d5 2. e3 Nc6 3. Bb5 a6 4. Bxc6+ bxc6 5. c4 f6 6. d4 e6 7. 0-0 Bd6 8. Nc3 Nh6 9. e4 dxe4 10. Nxe4 Nf7 11. Qa4 0-0 12. Re1 Rb8 13. a3 Bd7 14. Qa5 Rb3 15. Nfd2 Rd3 16. Qxa6 Rxd4 17. Nf3 Bc8 18. Qxc6 Rd3 19. Be3 Rb3 20. Qa4 Rxb2 21. c5 Be5 22. Rad1 Qe8 23. c6 Bd6 24. Bc5 Bxc5 25. Nxc5 Nd6 26. Nd4 e5 27. Nd7 Rf7 28. Nc5 Re7 29. Ndb3 Qf7 30. Nd2 Qa2 31. Nde4 Re8 32. Nxd6 cxd6 33. Nd3 Rd2 34. Nb4 Rxd1 35. Rxd1 Qe2 36. h3 Be6 37. c7 Kf7 38. Rxd6 Rc8 39. Rd8 Kg6 40. Rxc8 Qe1+ 41. Kh2 Qxf2 42. Nd3 Qe3 43. Qe8+ Bf7 44. Qxf7+ Kxf7 45. Rd8 e4 46. c8Q exd3 1-0

[Event "Liepajas Rokade op"]
[Site "Liepaja"]
[Date "2015.08.06"]
[Round "3"]
[White "Zuckovs, Aleksejs"]
[Black "Romanov, Evgeny"]
[Result "0-1"]
[WhiteElo "2276"]
[BlackElo "2586"]
[PlyCount "55"]
[EventDate "2015.08.06"]
[EventType "swiss (rapid)"]
[EventRounds "13"]
[EventCountry "LAT"]
[SourceTitle "CBM 167 Extra"]
[Source "ChessBase"]
[SourceDate "2015.09.14"]
[SourceVersion "1"]
[SourceVersionDate "2015.09.14"]
[SourceQuality "1"]

1. d4 Nf6 2. Nc3 d5 3. Bg5 c6 4. e3 Qb6 5. Rb1 Nbd7 6. Nf3 g6 7. Bd3 Bg7 8. 0-0 0-0 9. Ne5 Nxe5 10. dxe5 Ng4 11. Bxe7 Re8 12. Bh4 Nxe5 13. Re1 Nxd3 14. cxd3 Bf5 15. e4 Be6 16. e5 Bf5 17. g4 Qd4 18. gxf5 Qxh4 19. fxg6 fxg6 20. d4 Rf8 21. Re2 Rf4 22. Qd3 Rxd4 23. Qc2 Qg4+ 24. Kf1 Qh3+ 25. Ke1 Qxh2 26. Re3 Rf8 27. Qe2 Bh6 28. e6 0-1